| 000 | 00378nam a22001337a 4500 | ||
|---|---|---|---|
| 008 | 160303b xxu||||| |||| 00| 0 eng d | ||
| 050 | _aBS2595.4.R367 | ||
| 100 |
_aReilly, John _922750 |
||
| 245 |
_aPraying Luke _cJohn Reilly |
||
| 260 |
_aAustralia _bSt. Pauls. _c1997 |
||
| 300 |
_a273p. ; _c22cm. |
||
| 650 |
_aBible. N.T. _xLuke _xMeditations _922751 |
||
| 942 |
_2lcc _cMONOGRAPH |
||
| 999 |
_c124315 _d124315 |
||